| 000 | 02024nam a22003497a 4500 | ||
|---|---|---|---|
| 001 | 0009782 | ||
| 003 | KOHA_MİRAKIL | ||
| 005 | 20260207001721.0 | ||
| 007 | ta | ||
| 008 | 091026b2007 tu |||gr||||#0|||1|tur | | ||
| 020 | _a9789754376548 | ||
| 040 |
_aTR-BiSEU _btur _cTR-BiSEU _erda |
||
| 041 | 0 | _atur | |
| 044 | _ctu | ||
| 050 |
_aPL230.7 _b.B34 2007 |
||
| 100 | 1 | _aBakırcıoğlu, N. Ziya. | |
| 245 | 1 |
_aHalk şiirimiz/ _cN. Ziya Bakırcıoğlu ; N. Ziya Bakırcıoğlu. |
|
| 264 | 1 |
_aİstanbul : _bÖtüken Neşriyat _c2007 |
|
| 300 | _a496 sayfa; 20 cm. | ||
| 336 |
_ametin _btxt _2rdacontent |
||
| 337 |
_aaracısız _bn _2rdamedia |
||
| 338 |
_acilt _bnc _2rdacarrier |
||
| 490 | 1 |
_aYayın Nu ; _v701. |
|
| 490 | 1 |
_aEdebi eserler ; _v312. |
|
| 500 | _aKaynakça var. | ||
| 505 | _aEserin gayesi Türk halk şiirinin yüzlerce yıllık mâcerasının derli toplu bir görüntüsünü vermektir. Bunu yaparken temel bilgiler kısa; metinler ise mümkün olduğu kadar geniş tutulmuştur. Metin seçiminde, temel bilgileri örneklendiren şiirler göz önünde bulundurulmakla birlikte; -kendimizce- güzel olduğuna inandığımız şiirlere daha çok yer verilmiştir. Eserdeki şiirlerin çoğunu Anadolu halk şiiri örnekleri teşkil etmektedir. Fakat bunun yanında ninni, türkü, mâni gibi çok zengin anonim ürünleri ve yüzlerce şairin temsil ettiği âşık edebiyatı zenginliği ile Azerbaycan coğrafyasından da örnekler seçilmiştir. Azeri sahasından alınan örnekler orijinal şekliyle yani Azerbaycan Türkçesi'yledir. Halk şiirimiz her geçen gün zenginliğini artırmaya devam etmektedir. Çünkü o, divan şiiri gibi devrini tamamlamış bir şiir değil, aksine son derece dinamik bir edebiyat sahasıdır. Bu kitap, bu büyük ve eşsiz kaynaktan bir damlacık, bir güldeste sunabilmek emelini taşıyor. | ||
| 650 | 0 |
_aHalk şiiri. _924125 |
|
| 830 | 1 |
_aYayın Nu ; _v701. _96553 |
|
| 830 | 1 |
_aEdebi eserler ; _v312. _97086 |
|
| 907 | _aŞiir | ||
| 942 |
_2lcc _cBK |
||
| 999 |
_c9754 _d9754 |
||